000 00497nam a2200169Ia 4500
999 _c23145
_d23145
003 OSt
005 20200519122226.0
008 190216s9999||||xx |||||||||||||| ||und||
020 _a9789381084281
040 _coclc
082 _a301.072
_bBHA/R
100 _aBhatanagar, R P
_92432
245 0 _aResearch In Applied Anthropology /
_cR P Bhatanagar
260 _bSwastik Publications,
_c2013.
_aDelhi:
300 _a239p
942 _cBK
_2ddc
_h301.072
_iBHA/R
_k301.072
_mBHA/R